00372nam a2200109Ia 4500008004100000100002300041245002900064260006900093300001100162650002100173856006800194160712s9999 xx 000 0 und d aSicat-Cleto, Luna. cLuna Sicat-CletoaDelphi c2011bLikhaan: The Journal of Contemporary Philippine Literature avol. 5 xMAIKLING KUWENTO uhttp://journals.upd.edu.ph/index.php/lik/issue/view/295/showToc